000 00564nam a2200181Ia 4500
008 100921s9999 xx 000 0 und d
082 _b20451
_a891.463 थ 85
100 _aराजाध्यक्ष विजया.
245 _aदोनच रंग.
260 _bमीनल प्रकाशन, कोल्हापूर.
_c1985
300 _a190
_b---
365 _b32
520 _aललित-कथा.
630 _aदोनच रंग.
650 _aललित-कथा.
730 _aदोनच रंग.
942 _cBOOK
999 _c769564
_d769561